Técnicos por Títulos - Statistics

Estatísticas Gerais
  • Esse quiz foi jogado 37 vezes
  • A pontuação média é 10 de 13
Estatísticas das Respostas
Resposta Libertadores Brasileirão Copa do Brasil % Correto
Tite 2012 2011 2015 2001
94%
Abel Ferreira 2020 2021 2023 2024 2020
91%
Dorival Júnior 2022 2010 2022 2023 2025
88%
Cuca 2013 2016 2021 2021
82%
Muricy Ramalho 2011 2006 2007 2008 2010
82%
Vanderlei Luxemburgo 1993 1994 1998 2003 2004 2003
82%
Abel Braga 2006 2012
79%
Felipão 1995 1999 1996 2018 1991 1994 1998 2000 2012
79%
Filipe Luiz 2025 2025 2024
79%
Renato Gaúcho 2017 2007 2016
76%
Telê Santana 1992 1993 1971 1991
76%
Marcelo Oliveira 2013 2014 2015
48%
Ântonio Lopes 1998 1997 2005 1992
30%
Nenhum quiz correspondente encontrado
Distribuição das Pontuações
Porcentagem de Pessoas com Cada Pontuação
Percentil de Números Respondidos
Sua Pontuação Histórica
Você não jogou esse quiz